[Event "Etna op 2nd"]
[Site "Nicolosi"]
[Date "2015.12.07"]
[Round "6"]
[White "Gilevich, Artem"]
[Black "Guccione, Cristoforo"]
[Result "1-0"]
[WhiteElo "2408"]
[BlackElo "1934"]
[PlyCount "65"]
[EventDate "2015.12.04"]
[EventType "swiss"]
[EventRounds "7"]
[EventCountry "ITA"]
[SourceTitle "CBM 170 Extra"]
[Source "ChessBase"]
[SourceDate "2016.02.25"]
[SourceVersion "1"]
[SourceVersionDate "2016.02.25"]
[SourceQuality "1"]

1. d4 f5 2. Nf3 Nf6 3. Bf4 g6 4. e3 Bg7 5. Bc4 e6 6. c3 0-0 7. Nbd2 d6 8. h3 Nc6 9. g4 Kh8 10. gxf5 exf5 11. Qe2 Qe8 12. 0-0-0 Na5 13. Bb5 Qf7 14. Kb1 a6 15. Bd3 b5 16. h4 Be6 17. h5 Bxa2+ 18. Ka1 Nb3+ 19. Nxb3 Qxb3 20. Bc2 Qd5 21. h6 b4 22. hxg7+ Kxg7 23. Bh6+ Kh8 24. Ne5 bxc3 25. Bxf8 Qa5 26. Nc6 Qb6 27. b3 Bxb3 28. Bxb3 Qxb3 29. Qa2 Qb5 30. Ne7 d5 31. Rb1 Qd3 32. Nxg6+ Kg8 33. Nf4 1-0

[Event "Etna op 2nd"]
[Site "Nicolosi"]
[Date "2015.12.05"]
[Round "3"]
[White "Guccione, Cristoforo"]
[Black "Paulet, Iozefina"]
[Result "1/2-1/2"]
[WhiteElo "1934"]
[BlackElo "2194"]
[PlyCount "90"]
[EventDate "2015.12.04"]
[EventType "swiss"]
[EventRounds "7"]
[EventCountry "ITA"]
[SourceTitle "CBM 170 Extra"]
[Source "ChessBase"]
[SourceDate "2016.02.25"]
[SourceVersion "1"]
[SourceVersionDate "2016.02.25"]
[SourceQuality "1"]

1. e4 c5 2. Nf3 d6 3. Bb5+ Bd7 4. Bxd7+ Qxd7 5. c4 Nf6 6. Nc3 g6 7. d4 cxd4 8. Nxd4 Bg7 9. f3 0-0 10. Be3 Rc8 11. b3 a6 12. 0-0 b5 13. Nd5 Qb7 14. Qd2 Nc6 15. Nxc6 Rxc6 16. cxb5 axb5 17. Rac1 Rxc1 18. Rxc1 Nxd5 19. Qxd5 Qxd5 20. exd5 f5 21. Rc2 Kf7 22. Kf2 Bf6 23. Ke2 g5 24. Kd3 h5 25. Bd4 h4 26. Bxf6 Kxf6 27. Re2 Rc8 28. a4 bxa4 29. bxa4 Ra8 30. Ra2 Ke5 31. Kc4 Rc8+ 32. Kb5 Kxd5 33. Rd2+ Ke6 34. a5 Kd7 35. a6 Rc5+ 36. Kb6 Rc6+ 37. Kb7 Rc7+ 38. Kb6 Rc6+ 39. Kb7 Rc7+ 40. Kb6 Rc3 41. a7 Rb3+ 42. Ka6 Ra3+ 43. Kb7 Rb3+ 44. Ka6 Ra3+ 45. Kb7 Rb3+ 1/2-1/2

[Event "Terre degli Elimi op 5th"]
[Site "Erice"]
[Date "2014.07.23"]
[Round "6"]
[White "Guccione, Cristoforo"]
[Black "Volkers, Annemarie"]
[Result "1-0"]
[WhiteElo "1835"]
[BlackElo "2019"]
[PlyCount "39"]
[EventDate "2014.07.19"]
[EventType "swiss"]
[EventRounds "9"]
[EventCountry "ITA"]
[SourceTitle "CBM 161 Extra"]
[Source "ChessBase"]
[SourceDate "2014.08.29"]
[SourceVersion "1"]
[SourceVersionDate "2014.08.29"]
[SourceQuality "1"]

1. d4 d5 2. Nc3 Nf6 3. Bg5 e6 4. e4 dxe4 5. Nxe4 Be7 6. Bxf6 Bxf6 7. Nf3 0-0 8. Bd3 Be7 9. Qe2 Nd7 10. 0-0-0 Nf6 11. Ne5 Qd5 12. Kb1 Qa5 13. Ng5 c5 14. Nxh7 cxd4 15. Nxf8 Bxf8 16. g4 Nd5 17. Qe4 f5 18. Qxd4 Bc5 19. Nc4 Qa4 20. Qxc5 1-0